000 00919nam a22002532 4500
001 0000002272
005 20151217151847.0
008 070405s xx 000 0 eng d
020 _a0771345213 :
_cKES 300 (donation)
040 _aKABU
_cKABU
050 0 _aHF5438.35
_b.J46 1999
100 1 _aJenkins, Andy.
_@0000151583
245 1 0 _aHow to sell with a latptop :
_bshoulder-to-shoulder techniques for powerful laptop sales presentations /
_cAndy Jenkins, Dick Elder, Dave Thomas.
260 _aNew York :
_bMcGraw-Hill,
_cc1999.
300 _axii, 222 p. ;
_c23 cm.
650 0 _aSelling
_xData processing.
_@0000151584
650 0 _aLaptop computers.
_@0000151585
700 1 _aElder, Dick.
_@0000151586
700 1 _aThomas, Dave.
_@0000151587
908 _a070405
950 _@1
999 _c5753
_d5753